All Positions In Football - Statistics

General Stats
  • This quiz has been taken 15 times
    10 since last reset
  • The average score is 9 of 14
Answer Stats
Hint Answer % Correct
QB Quarterback
100%
CB Cornerback
83%
FB Fullback
83%
LB Linebacker
83%
RB Runningback
83%
TE Tight End
83%
DE Defensive End
67%
P Punter
67%
S Safety
67%
HB Halfback
50%
WR Wide Reciever
50%
CB Centerback
33%
G Guards
17%
T Tackles
17%
No matching quizzes found
Score Distribution
Percent of People with Each Score
Percentile by Number Answered
Your Score History
You have not taken this quiz since the last reset